1364 1972 1379 1779 1232 1013 1167 1285 1393 1793 1912 1481 1014 1871 1730 1397 1111 1400 1038 1647 1351 1119 1562 1815 1826 1126 1225 1392 1490 1580 1004 1314 1346 1607 1894 1656 1913 1763 1179 1429 1185 1742 1162 1651 1396 1873 1207 1516 1902 1939 1376 1039 1370 1764 1379 1555 1747 1976 1431 1562 1857 1228 1621 1618 1867 1317 1151 1532 1158 1072 1487 1102 1925 1142 1704 1183 1138 1624 1155 1282 1799 1265 1956 1472 1092 1652 1172 1814 1832 1453 1661 1094 1046 1559 1961 1224 1441 1709 1287 BCNSPRNW ULIB Ver.6.0+V

เปลี่ยนเป็นภาษาไทย

Change to English
 แสดงรายละเอียดบรรณานุกรม
  กลับหน้าหลัก

Brief Record : Get Marc (ISO 2709) : E-mail record : QR code < ปิดหน้าต่าง
LEADER : 00000nam 2200000uu 4500
001    13399122590
003     ULIB
008    130808s2551||||th 000 0 tha d
020    ^a97897495576518
060  4 ^aW13^bว585พ
100 0  ^aวิทย์ เที่ยงบูรณธรรม
245 10 ^aพจนานุกรมวิทยาศาสตร์การแพทย์ =^bMedical sciences Dictionary/^cวิทย์ เที่ยงบูรณธรรม
246 31 ^aMedical sciences Dictionary
250    พิมพ์ครั้งที่39
260    ^aกรุงเทพฯ :^bรวมสาส์น,^c2551
300    ^a1288 หน้า
650  7 ^aศัพท์วิทยาศาสตร์การแพทย์
650  7 ^aวิทยาศาสตร์แพทย์^xพจนานุกรม
945    ^p290^l0^i20035
945    ^p290^l0^i20036
995    ^aทศพร
999    ^aทศพร เกษรทอง
รายการนี้ยังไม่มีแท็ก
คุณยังไม่ได้ล็อกอิน คุณสามารถมีกิจกรรมร่วมกับเว็บไซต์ได้ แต่ต้องล็อกอินก่อน ::
  ล็อกอิน

รายการสื่อสารสนเทศ

ลำดับที่ ประเภท เลขเรียก/บาร์โค้ด สถานที่ สถานะ
1. วิทยาศาสตร์การแพทย์ และสุขภาพ
วิทยาศาสตร์การแพทย์ และสุขภาพ
W13 ว585พ ฉ.1 
  Barcode: 20035
ห้องสมุดวิทยาเขตสวรรค์ประชารักษ์
►หนังสือทั่วไป
บนชั้น
2. วิทยาศาสตร์การแพทย์ และสุขภาพ
วิทยาศาสตร์การแพทย์ และสุขภาพ
W13 ว585พ ฉ.2 
  Barcode: 20036
ห้องสมุดวิทยาเขตสวรรค์ประชารักษ์
►หนังสือทั่วไป
บนชั้น

รายการใกล้เคียง
    ผู้แต่ง [วิทย์ เที่ยงบูรณธรรม]

    หัวเรื่อง [ศัพท์วิทยาศาสตร์การแพทย์]

BibComment


ยังไม่เคยถูกคอมเมนท์

คอมเมนท์ทรัพยากรรายการนี้
  คอมเมนท์: พจนานุกรมวิทยาศา..


 Copyright 2026. Bcnsprnw @Library